000 00715nam a2200289Ia 4500
005 20260324120520.0
008 008 260324s9999 xx 000 0 eng d
020 _a9781003234913
037 _aEBOOK
040 _aCRL
040 _beng
040 _cCRL
041 _2eng
041 _aeng
084 _qCRL
100 _aJanice I. Robbins; Carol L. Tieso
_91158877
245 0 _aEngaging With History in the Classroom
245 4 _bThe Civil Rights Movement (Grades 6-8)
260 _bTaylor and Francis
260 _c2015
365 _a
365 _b145
856 _uhttp://www.taylorfrancis.com/books/9781003234913
942 _cEBOOK
999 _c1750456
_d1750456